[Event "Burgdorf op 19th"]
[Site "Burgdorf"]
[Date "2020.02.15"]
[Round "2"]
[White "Basso, Pier Luigi"]
[Black "Stucki, Kaspar"]
[Result "1-0"]
[WhiteElo "2600"]
[BlackElo "2006"]
[PlyCount "51"]
[EventDate "2020.02.14"]
[EventType "swiss"]
[EventRounds "5"]
[EventCountry "SUI"]
[SourceTitle "CBM 194 Extra"]
[Source "ChessBase"]
[SourceDate "2020.03.31"]
[SourceVersion "1"]
[SourceVersionDate "2020.03.31"]
[SourceQuality "1"]

1. d4 d5 2. c4 c6 3. Nf3 Nf6 4. Nc3 e6 5. e3 Nbd7 6. Bd3 dxc4 7. Bxc4 b5 8. Bd3 a6 9. e4 c5 10. e5 cxd4 11. Nxb5 axb5 12. exf6 Qa5+ 13. Bd2 Qb6 14. fxg7 Bxg7 15. Qe2 b4 16. 0-0 0-0 17. a3 bxa3 18. Qe4 f5 19. Qxa8 axb2 20. Rab1 Nc5 21. Qa3 Nxd3 22. Qxd3 Ba6 23. Rxb2 Bxd3 24. Rxb6 Bxf1 25. Kxf1 e5 26. Bh6 1-0

[Event "Basel op"]
[Site "Basel"]
[Date "2014.01.02"]
[Round "3"]
[White "Paul, Mathias1111"]
[Black "Stucki, Kaspar"]
[Result "1-0"]
[WhiteElo "2053"]
[BlackElo "1966"]
[PlyCount "35"]
[EventDate "2014.01.01"]
[EventType "swiss"]
[EventRounds "7"]
[EventCountry "SUI"]
[SourceTitle "CBM 158 Extra"]
[Source "ChessBase"]
[SourceDate "2014.02.28"]
[SourceVersion "1"]
[SourceVersionDate "2014.02.28"]
[SourceQuality "1"]

1. e4 e5 2. f4 exf4 3. Bc4 Ne7 4. Nc3 Ng6 5. Nf3 Be7 6. d4 Bh4+ 7. Kf1 0-0 8. g3 fxg3 9. hxg3 Bxg3 10. Bg5 Qe8 11. Ne5 Nxe5 12. Qh5 h6 13. Bxh6 Nxc4 14. Bxg7 f6 15. Qh7+ Kf7 16. Bh8+ Ke6 17. Qf5+ Ke7 18. Rh7+ 1-0

[Event "Basel op"]
[Site "Basel"]
[Date "2014.01.02"]
[Round "2"]
[White "Stucki, Kaspar"]
[Black "Strauss, Juergen"]
[Result "0-1"]
[WhiteElo "1966"]
[BlackElo "2101"]
[PlyCount "76"]
[EventDate "2014.01.01"]
[EventType "swiss"]
[EventRounds "7"]
[EventCountry "SUI"]
[SourceTitle "CBM 158 Extra"]
[Source "ChessBase"]
[SourceDate "2014.02.28"]
[SourceVersion "1"]
[SourceVersionDate "2014.02.28"]
[SourceQuality "1"]

1. d4 Nf6 2. Nf3 g6 3. g3 Bg7 4. Bg2 0-0 5. 0-0 d5 6. Nbd2 c6 7. Ne5 Bf5 8. b3 a5 9. a4 Na6 10. Bb2 Re8 11. e3 Nb4 12. Rc1 Nd7 13. g4 Be6 14. f4 f6 15. Nd3 Rc8 16. Nxb4 axb4 17. e4 dxe4 18. Nxe4 Bd5 19. Qd2 Qb6 20. Kh1 Rcd8 21. Rcd1 e6 22. Nd6 Re7 23. a5 Qc7 24. Qxb4 Nf8 25. Nc4 f5 26. gxf5 exf5 27. Ne5 Ne6 28. c4 Bxg2+ 29. Kxg2 Nxf4+ 30. Kh1 g5 31. c5 Rf8 32. Qc4+ Nd5 33. b4 Kh8 34. b5 Ne3 35. Qc1 f4 36. b6 Qd8 37. a6 Qd5+ 38. Nf3 g4 0-1

[Event "Basel op"]
[Site "Basel"]
[Date "2014.01.01"]
[Round "1"]
[White "Vianin, Pascal"]
[Black "Stucki, Kaspar"]
[Result "1-0"]
[WhiteElo "2199"]
[BlackElo "1966"]
[PlyCount "65"]
[EventDate "2014.01.01"]
[EventType "swiss"]
[EventRounds "7"]
[EventCountry "SUI"]
[SourceTitle "CBM 158 Extra"]
[Source "ChessBase"]
[SourceDate "2014.02.28"]
[SourceVersion "1"]
[SourceVersionDate "2014.02.28"]
[SourceQuality "1"]

1. e4 e5 2. Nc3 Nf6 3. g3 Bc5 4. Bg2 Nc6 5. Nge2 0-0 6. 0-0 a6 7. h3 Ne7 8. d4 exd4 9. Nxd4 Ng6 10. Kh2 d6 11. f4 h6 12. Be3 Re8 13. Qd3 Rb8 14. Rae1 Bd7 15. a3 b5 16. b4 Bb6 17. Nd5 Nxd5 18. exd5 Qf6 19. c3 Re7 20. Bf2 Rbe8 21. Rxe7 Rxe7 22. Nc6 Bxc6 23. dxc6 Bxf2 24. Rxf2 Ne5 25. Qd4 Nc4 26. Qxf6 gxf6 27. a4 bxa4 28. Ra2 Re3 29. Rxa4 Rxc3 30. Rxa6 Ra3 31. b5 Kf8 32. Rxa3 Nxa3 33. b6 1-0

[Event "Zuerich op-A 35th"]
[Site "Zuerich"]
[Date "2011.12.28"]
[Round "4"]
[White "Stucki, Kaspar"]
[Black "Rindlisbacher, Lars"]
[Result "0-1"]
[WhiteElo "2007"]
[BlackElo "2201"]
[PlyCount "79"]
[EventDate "2011.12.26"]
[EventType "swiss"]
[EventRounds "7"]
[EventCountry "SUI"]
[SourceTitle "CBM 146 Extra"]
[Source "ChessBase"]
[SourceDate "2012.02.29"]
[SourceVersion "1"]
[SourceVersionDate "2012.02.29"]
[SourceQuality "1"]

1. e4 e5 2. Nf3 Nc6 3. Nc3 Nf6 4. g3 Nxe4 5. Nxe4 d5 6. Nc3 d4 7. Nb1 e4 8. Ng1 Ne5 9. d3 Bg4 10. Be2 exd3 11. Bxg4 dxc2 12. Qe2 Qe7 13. Bh3 Nd3+ 14. Kd2 Qxe2+ 15. Nxe2 cxb1Q 16. Rxb1 Nxf2 17. Re1 Nxh3 18. Nf4+ Kd7 19. Nxh3 Bb4+ 20. Kd1 Bxe1 21. Kxe1 Rhe8+ 22. Kd1 Re5 23. b4 Rae8 24. Nf4 Re1+ 25. Kc2 g5 26. Nd3 R8e2+ 27. Kb3 Rd1 28. Nc5+ Kc6 29. Rb2 Rxb2+ 30. Bxb2 h6 31. Kc4 b5+ 32. Kb3 Rd2 33. h4 a5 34. Bc1 a4+ 35. Ka3 Rg2 36. Bb2 Kd5 37. hxg5 hxg5 38. Na6 d3 39. Bf6 d2 40. Bxg5 0-1

[Event "Lenk op"]
[Site "Lenk"]
[Date "2011.04.22"]
[Round "2"]
[White "Curien, Nicolas"]
[Black "Stucki, Kaspar"]
[Result "1/2-1/2"]
[WhiteElo "2194"]
[BlackElo "1976"]
[PlyCount "105"]
[EventDate "2011.04.21"]
[EventType "swiss"]
[EventRounds "7"]
[EventCountry "SUI"]
[SourceTitle "CBM 142 Extra"]
[Source "ChessBase"]
[SourceDate "2011.06.27"]
[SourceVersion "1"]
[SourceVersionDate "2011.06.27"]
[SourceQuality "1"]

1. d4 d5 2. Nf3 Nf6 3. e3 Bg4 4. h3 Bh5 5. c4 c6 6. Nc3 e6 7. g4 Bg6 8. Ne5 Nbd7 9. cxd5 Nxd5 10. Nxg6 hxg6 11. e4 Nxc3 12. bxc3 e5 13. Bg2 exd4 14. Qxd4 Nc5 15. 0-0 Ne6 16. Qxd8+ Rxd8 17. f4 Rd3 18. f5 gxf5 19. exf5 Nc5 20. Re1+ Kd7 21. Bf4 Bd6 22. Bxd6 Rxd6 23. Rad1 Na4 24. Rxd6+ Kxd6 25. Re3 Kd7 26. Kf2 Re8 27. Rd3+ Kc7 28. Bf3 Nc5 29. Rd4 b5 30. h4 Na4 31. Rd3 Nc5 32. Re3 Rxe3 33. Kxe3 Kd6 34. f6 gxf6 35. h5 Nd7 36. h6 Ne5 37. h7 Ng6 38. Be4 Nh8 39. Bf5 c5 40. c4 b4 41. Kf4 a5 42. Bc2 Ke6 43. Kg3 Ke7 44. Kh4 Kf8 45. g5 fxg5+ 46. Kxg5 Kg7 47. Kf5 Ng6 48. Ke4 Nf8 49. Kd5 Ne6 50. Kd6 Kh8 51. Kd5 Kg7 52. Kd6 Kh8 53. Kd5 1/2-1/2

[Event "Lenk op 22nd"]
[Site "Lenk"]
[Date "2010.04.05"]
[Round "7"]
[White "Bannwart, Remo"]
[Black "Stucki, Kaspar"]
[Result "0-1"]
[WhiteElo "1839"]
[BlackElo "2036"]
[PlyCount "54"]
[EventDate "2010.04.01"]
[EventType "swiss"]
[EventRounds "7"]
[EventCountry "SUI"]
[SourceTitle "CBM 135 Extra"]
[Source "ChessBase"]
[SourceDate "2010.05.04"]
[SourceVersion "1"]
[SourceVersionDate "2010.05.04"]
[SourceQuality "1"]

1. e4 e5 2. f4 exf4 3. Nf3 g5 4. Bc4 Bg7 5. 0-0 d6 6. d4 Nc6 7. c3 h6 8. g3 fxg3 9. Bxf7+ Kxf7 10. Ne5+ Ke7 11. Rf7+ Ke8 12. Qh5 gxh2+ 13. Kh1 Nxe5 14. dxe5 Be6 15. Rxg7+ Kf8 16. Bxg5 Qe8 17. Qxe8+ Rxe8 18. Bf6 dxe5 19. Bxe5 Bh3 20. Rg3 Rxe5 21. Rxh3 Rxe4 22. Nd2 Rf4 23. Rxh2 Nf6 24. Re1 Kf7 25. Rhe2 Rg8 26. Re7+ Kf8 27. Nf1 Rxf1+ 0-1

[Event "Zuerich op-B 32nd"]
[Site "Zuerich"]
[Date "2008.12.29"]
[Round "5"]
[White "Eggenberger, Ulrich"]
[Black "Stucki, Kaspar"]
[Result "0-1"]
[WhiteElo "1822"]
[BlackElo "1980"]
[PlyCount "62"]
[EventDate "2008.12.26"]
[EventType "swiss"]
[EventRounds "7"]
[EventCountry "SUI"]
[SourceTitle "CBM 127 Extra"]
[Source "ChessBase"]
[SourceDate "2009.01.08"]
[SourceVersion "2"]
[SourceVersionDate "2009.01.28"]
[SourceQuality "1"]

1. d4 c5 2. c3 cxd4 3. cxd4 d5 4. Nf3 Nf6 5. g3 Nc6 6. Bg2 Bf5 7. 0-0 e6 8. a3 h6 9. Nc3 Be7 10. Bf4 0-0 11. Ne5 Rc8 12. Nxc6 Rxc6 13. h3 a6 14. Qd2 b5 15. g4 Bh7 16. b4 Bd6 17. Bxd6 Qxd6 18. Rfc1 Rfc8 19. e3 Kf8 20. Ne2 Rc2 21. Rxc2 Rxc2 22. Qe1 Qc6 23. Rc1 Qc4 24. Rxc2 Bxc2 25. Qd2 Ne8 26. Bf1 Bd3 27. Ng3 Bxf1 28. Nxf1 Nd6 29. Qb2 Qd3 30. Nd2 Nc4 31. Nxc4 dxc4 0-1

[Event "Thun op"]
[Site "Thun"]
[Date "2008.05.09"]
[Round "1"]
[White "Nuri, Kambez"]
[Black "Stucki, Kaspar"]
[Result "1-0"]
[WhiteElo "2129"]
[BlackElo "1896"]
[PlyCount "59"]
[EventDate "2008.05.09"]
[EventType "swiss"]
[EventRounds "7"]
[EventCountry "SUI"]
[SourceTitle "CBM 124 Extra"]
[Source "ChessBase"]
[SourceDate "2008.07.03"]
[SourceVersion "1"]
[SourceVersionDate "2008.07.03"]
[SourceQuality "1"]

1. e4 e5 2. Nf3 Nc6 3. d4 exd4 4. Nxd4 Nf6 5. Nxc6 bxc6 6. e5 Nd5 7. c4 Nb6 8. Bd3 d5 9. exd6 cxd6 10. 0-0 Be7 11. Qc2 h6 12. Nc3 0-0 13. Bf4 d5 14. cxd5 cxd5 15. Rad1 Be6 16. Rfe1 Rc8 17. Ba6 Rc6 18. Bb5 Rc8 19. Bxh6 gxh6 20. Rxe6 fxe6 21. Qg6+ Kh8 22. Qxh6+ Kg8 23. Qg6+ Kh8 24. Bd3 Rf5 25. Qh6+ Kg8 26. Qxe6+ Rf7 27. Bg6 Qf8 28. Rd3 Qg7 29. Bxf7+ Qxf7 30. Rg3+ 1-0